000
00314nam a2200133Ia 4500
008
231129s1970||||xx |||||||||||||| ||spa||
040
_b
eng
082
_a
303.6821 C311L
100
_a
Carr Raymond
245
0
_a
Latin American Affairs
260
_c
1970
264
_a
Oxford University Press
942
_2
ddc
_c
BKS
999
_c
19025
_d
19025